<?xml version="1.0" encoding="UTF-8"?>
<record
    xmlns:xsi="http://www.w3.org/2001/XMLSchema-instance"
    xsi:schemaLocation="http://www.loc.gov/MARC21/slim http://www.loc.gov/standards/marcxml/schema/MARC21slim.xsd"
    xmlns="http://www.loc.gov/MARC21/slim">

  <leader>04254nam a2200433 a 4500</leader>
  <controlfield tag="001">ebr10439285</controlfield>
  <controlfield tag="003">CaPaEBR</controlfield>
  <controlfield tag="006">m        u        </controlfield>
  <controlfield tag="007">cr cn|||||||||</controlfield>
  <controlfield tag="008">100209s2010    ne a    sb    011 0 eng d</controlfield>
  <datafield tag="010" ind1=" " ind2=" ">
    <subfield code="z">  2010004393</subfield>
  </datafield>
  <datafield tag="020" ind1=" " ind2=" ">
    <subfield code="z">9789004184961 (hardback : alk. paper)</subfield>
  </datafield>
  <datafield tag="020" ind1=" " ind2=" ">
    <subfield code="z">9004184961 (hardback : alk. paper)</subfield>
  </datafield>
  <datafield tag="020" ind1=" " ind2=" ">
    <subfield code="z">9789004184978 (e-book)</subfield>
  </datafield>
  <datafield tag="040" ind1=" " ind2=" ">
    <subfield code="a">CaPaEBR</subfield>
    <subfield code="c">CaPaEBR</subfield>
  </datafield>
  <datafield tag="035" ind1=" " ind2=" ">
    <subfield code="a">(OCoLC)697182393</subfield>
  </datafield>
  <datafield tag="043" ind1=" " ind2=" ">
    <subfield code="a">e------</subfield>
  </datafield>
  <datafield tag="050" ind1="1" ind2="4">
    <subfield code="a">BR53</subfield>
    <subfield code="b">.H59 2010eb</subfield>
  </datafield>
  <datafield tag="082" ind1="0" ind2="4">
    <subfield code="a">270.5</subfield>
    <subfield code="2">22</subfield>
  </datafield>
  <datafield tag="245" ind1="0" ind2="0">
    <subfield code="a">How the west was won</subfield>
    <subfield code="h">[electronic resource] :</subfield>
    <subfield code="b">essays on the literary imagination, the canon, and the Christian middle ages for Burcht Pranger /</subfield>
    <subfield code="c">edited by Willemien Otten, Arjo Vanderjagt, Hent de Vries.</subfield>
  </datafield>
  <datafield tag="260" ind1=" " ind2=" ">
    <subfield code="a">Leiden ;</subfield>
    <subfield code="a">Boston :</subfield>
    <subfield code="b">Brill,</subfield>
    <subfield code="c">2010.</subfield>
  </datafield>
  <datafield tag="300" ind1=" " ind2=" ">
    <subfield code="a">xxv, 420 p. :</subfield>
    <subfield code="b">ill.</subfield>
  </datafield>
  <datafield tag="490" ind1="1" ind2=" ">
    <subfield code="a">Brill's studies in intellectual history,</subfield>
    <subfield code="x">0920-8607 ;</subfield>
    <subfield code="v">v. 188</subfield>
  </datafield>
  <datafield tag="504" ind1=" " ind2=" ">
    <subfield code="a">Includes bibliographical references and index.</subfield>
  </datafield>
  <datafield tag="505" ind1="0" ind2="0">
    <subfield code="t">"Movesi un vecchierel canuto et bianco ..." : notes on a sonnet of Petrarch /</subfield>
    <subfield code="r">Peter Cramer --</subfield>
    <subfield code="t">Moments of indecision, sovereign possibilities : notes on the tableau vivant /</subfield>
    <subfield code="r">Frans-Willem Korsten --</subfield>
    <subfield code="t">History and the vertical canon : Calvin's Institutes and Beckett /</subfield>
    <subfield code="r">Ernst van den Hemel --</subfield>
    <subfield code="t">Christ's case and John Donne, "seeing through his words" : the stigma of martyrdom transfigured /</subfield>
    <subfield code="r">Anselm Haverkamp --</subfield>
    <subfield code="t">Playing with history : the satirical portrayal of the medieval papacy on an eighteenth-century deck of playing cards /</subfield>
    <subfield code="r">Joke Spaans --</subfield>
    <subfield code="t">From east to west : Jansenists, Orientalists, and the eucharistic controversy /</subfield>
    <subfield code="r">Alastair Hamilton --</subfield>
    <subfield code="t">Labouring in reason's vineyard : Voltaire and the allegory of enlightenment /</subfield>
    <subfield code="r">Madeleine Kasten --</subfield>
    <subfield code="t">The search for the canon and the problem of body and soul /</subfield>
    <subfield code="r">Piet de Roy --</subfield>
    <subfield code="t">Music at the limits : Edward Said's musical elaborations /</subfield>
    <subfield code="r">Rokus de Groot --</subfield>
    <subfield code="t">The canonisation of the medieval past : England and the continent compared /</subfield>
    <subfield code="r">Peter Raedts --</subfield>
    <subfield code="t">Scholarship of literature and life : Leopold Zunz and the invention of Jewish culture /</subfield>
    <subfield code="r">Irene Zwiep --</subfield>
    <subfield code="t">Censorship and canon : a note on some medieval works and authors /</subfield>
    <subfield code="r">Leen Spruit --</subfield>
    <subfield code="t">Does the canon need converting? A meditation on Augustine's Soliloquies, Eriugena's Periphyseon, and the dialogue with the religious past /</subfield>
    <subfield code="r">Willemien Otten --</subfield>
    <subfield code="t">Between pedagogy and democracy : on canons and aversion to conformity in ordinary language philosophy /</subfield>
    <subfield code="r">Asja Szafraniec --</subfield>
    <subfield code="t">On the significance of disagreement : Stanley Cavell and ordinary language philosophy /</subfield>
    <subfield code="r">Paola Marrati --</subfield>
    <subfield code="t">Fast forward, or : the theologico-political event in quick motion (miracles, media, and multitudes in St. Augustine) /</subfield>
    <subfield code="r">Hent de Vries --</subfield>
    <subfield code="t">Tangere autem corde, hoc est credere : Augustine on 'touching' the numinous /</subfield>
    <subfield code="r">Giselle de Nie --</subfield>
    <subfield code="t">The fame of fake, Dionysius the Areopagite : fabrication, falsification, and the 'cloud of unknowing' /</subfield>
    <subfield code="r">Bram Kempers --</subfield>
    <subfield code="t">Two female apostolic mystics : Catherine of Siena and Madame Jeanne Guyon /</subfield>
    <subfield code="r">Bernard McGinn --</subfield>
    <subfield code="t">De obitu Valentiniani : Abelard, Bernard of Clairvaux, and the canonization of Ambrose of Milan on baptism by desire /</subfield>
    <subfield code="r">Marcia L. Colish --</subfield>
    <subfield code="t">The 'whole Abelard' and the availability of language /</subfield>
    <subfield code="r">Babette Hellemans --</subfield>
    <subfield code="t">Tempus longum...locus asper... : chiaroscuro in Hugh of Saint Victor /</subfield>
    <subfield code="r">Ineke van 't Spijker --</subfield>
    <subfield code="t">Obedience simple and true : Anselm of Canterbury on how to defeat the devil /</subfield>
    <subfield code="r">Arjo Vanderjagt --</subfield>
    <subfield code="t">The monastic challenge : remarks /</subfield>
    <subfield code="r">Helmut Kohlenberger.</subfield>
  </datafield>
  <datafield tag="533" ind1=" " ind2=" ">
    <subfield code="a">Electronic reproduction.</subfield>
    <subfield code="b">Palo Alto, Calif. :</subfield>
    <subfield code="c">ebrary,</subfield>
    <subfield code="d">2013.</subfield>
    <subfield code="n">Available via World Wide Web.</subfield>
    <subfield code="n">Access may be limited to ebrary affiliated libraries.</subfield>
  </datafield>
  <datafield tag="650" ind1=" " ind2="0">
    <subfield code="a">Christian literature.</subfield>
  </datafield>
  <datafield tag="650" ind1=" " ind2="0">
    <subfield code="a">Christianity and literature.</subfield>
  </datafield>
  <datafield tag="650" ind1=" " ind2="0">
    <subfield code="a">Literature, Medieval.</subfield>
  </datafield>
  <datafield tag="650" ind1=" " ind2="0">
    <subfield code="a">Canon (Literature)</subfield>
  </datafield>
  <datafield tag="651" ind1=" " ind2="0">
    <subfield code="a">Europe</subfield>
    <subfield code="x">Intellectual life.</subfield>
  </datafield>
  <datafield tag="655" ind1=" " ind2="7">
    <subfield code="a">Electronic books.</subfield>
    <subfield code="2">local</subfield>
  </datafield>
  <datafield tag="700" ind1="1" ind2=" ">
    <subfield code="a">Otten, Willemien.</subfield>
  </datafield>
  <datafield tag="700" ind1="1" ind2=" ">
    <subfield code="a">Vanderjagt, Arie Johan.</subfield>
  </datafield>
  <datafield tag="700" ind1="1" ind2=" ">
    <subfield code="a">Vries, Hent de.</subfield>
  </datafield>
  <datafield tag="710" ind1="2" ind2=" ">
    <subfield code="a">ebrary, Inc.</subfield>
  </datafield>
  <datafield tag="830" ind1=" " ind2="0">
    <subfield code="a">Brill's studies in intellectual history ;</subfield>
    <subfield code="v">v. 188.</subfield>
  </datafield>
  <datafield tag="856" ind1="4" ind2="0">
    <subfield code="u">http://site.ebrary.com/lib/rucke/Doc?id=10439285</subfield>
    <subfield code="z">An electronic book accessible through the World Wide Web; click to view</subfield>
  </datafield>
  <datafield tag="999" ind1=" " ind2=" ">
    <subfield code="c">133741</subfield>
    <subfield code="d">133741</subfield>
  </datafield>
</record>
